000 00438nam a2200157Ia 4500
008 160316s1963 xxu||||| |||| 00| 0 eng d
082 _a348.046000
_bENG-XXIX
100 _a
245 _aThe english and empire digest with complete and exhaustive annotations. Repalcement Vol.XXIX
250 _a
260 _aLondon
_bButterworths
_c1963
300 _a638p
_bindex
_c
365 _b
650 _aDigest of cases - U K
700 _a
_a
999 _c2463
_d2463